| 000 | 00495nam a2200205Ia 4500 | ||
|---|---|---|---|
| 003 | 0100 | ||
| 008 | 130303s9999 xx 000 0 und d | ||
| 040 | _cARRUPELIB | ||
| 050 | _aB3305.M74L8413 | ||
| 100 | _aLukacs, Georg | ||
| 245 | _aMarx's basic ontological principles | ||
| 260 | _aLondon | ||
| 260 | _bMerlin Press | ||
| 260 | _C1978 | ||
| 300 | _a173p. | ||
| 300 | _b 23 cm | ||
| 650 | _bPolitical crimes - Algeria | ||
| 650 | _cAlgeria - History - 1945-62 | ||
| 942 |
_2lcc _01 |
||
| 999 |
_c63764 _d63764 |
||